|
|
|
|
| LEADER |
00882nam a2200253 a 4500 |
| 001 |
38366 |
| 003 |
BD-DhAAL |
| 005 |
20220411151657.0 |
| 008 |
220411t1999 nyu 000 0 eng d |
| 999 |
|
|
|c 44040
|d 44040
|
| 010 |
|
|
|a 99036268
|
| 020 |
|
|
|a 0380798492
|
| 040 |
|
|
|a DLC
|c DLC
|d DLC
|d BD-DhAAL
|
| 050 |
0 |
0 |
|a PN6162
|b .G74 1999
|
| 082 |
0 |
0 |
|a 818.5402
|2 21
|
| 100 |
1 |
|
|a Greene, Mel.
|9 47889
|
| 245 |
1 |
4 |
|a The greatest joke book ever /
|c Mel Greene.
|
| 260 |
|
|
|a New York :
|b Avon Books,
|c c1999.
|
| 300 |
|
|
|a 338 pages ;
|c 21 cm.
|
| 541 |
|
|
|a Donated By Akbar Ali Khan
|e 38366
|
| 650 |
|
0 |
|a American wit and humor.
|9 47890
|
| 852 |
|
|
|a Ayesha Abed Library
|c Akbar Ali Khan Collection
|
| 942 |
|
|
|2 ddc
|c BK
|
| 952 |
|
|
|0 0
|1 0
|2 ddc
|4 0
|6 818_540200000000000_GRE
|7 1
|9 70494
|a BRACUL
|b BRACUL
|c AAKC
|d 2022-04-11
|e Donated by Akbar Ali Khan
|l 0
|o 818.5402 GRE
|p 3010038366
|r 2022-04-11
|t 1
|w 2022-04-11
|y BK
|